000 00464nam a2200145 a 4500
001 000040128
005 20201002033932.0
008 130808s1973 xxua 000 0 spa d
040 _aDO-SdBNP
_bspa
_cBNPHU
100 1 _aRivero, Ángel
_966392
245 1 0 _aCrónica de la guerra hispano americana en Puerto Rico /
_cÁngel Rivera.
260 _aNew York :
_bPlus Ultra,
_c1973.
300 _a537 p. :
_bils. ;
_c19 cm.
500 _aIncluye notas al pie de las páginas
999 _c39618
_d39618